000 00301 a2200145 4500
001 107064
041 _apor
090 _aACG TABLET 32
245 1 0 _aTablet Samsung 32
250 _a. ed.
300 _a1 tablet
040 _aBR-BrIDEA
_cBR-BrIDEA
260 _a[S.l.]
_bSamsung
_c2018
942 _cDE
999 _c107064
_d107064